| 000 | 00551pab a2200181 454500 | ||
|---|---|---|---|
| 008 | 180718b2010 xxu||||| |||| 00| 0 eng d | ||
| 100 | _aBanchirigah, Sadia Mohammed | ||
| 245 | _aDe-agrarianization, re-agrarianization and local economic development: re-orientating livelihoods in African artisanal mining communities | ||
| 260 | _c2010 | ||
| 300 | _ap.157-80. | ||
| 362 | _aJun | ||
| 650 | _aAgriculture - Sub Saharan Africa | ||
| 650 | _aAgriculture | ||
| 700 | _aHilson, Gavin | ||
| 773 | _aPolicy Sciences | ||
| 908 | _aN | ||
| 909 | _a86393 | ||
| 999 |
_c86393 _d86393 |
||